000 00981nam a2200253Ia 4500
008 130821s2010 xxka gr eng
020 _a1847204767
020 _a9781847204769
040 _aCo-BoUCM
_bspa
041 0 0 _aeng
245 0 0 _aStrategic reconfigurations building dynamic capabilities in rapid innovation-based industries
_cStuart Wall ... [et al.]., editores
260 _aCheltenham (Reino Unido)
_bEdward Elgar
_c2010
300 _axiv, 295 páginas
_bilustraciones
504 _aIncluye referencias bibliográficas e índice.
650 0 4 _aAdministración de empresas
_9435
650 0 4 _aCambio organizacional
_xAdministración
_979409
650 0 4 _aPlanificación estratégica
_921662
700 1 _aKlingebiel, Ronald
_eed.
_9168343
700 1 _aLange, Dieter
_eed.
_9168344
700 1 _aWall, Stuart
_eed.
_9168345
700 1 _aZimmermann, Carsten
_eed.
_9168346
942 _cLIBRO
_a16
_e1
_mS898
_2DEWEY
_h658.406
999 _c72923
_d72923